| 000 | 01114 a2200181 4500 | ||
|---|---|---|---|
| 003 | Nust | ||
| 005 | 20221017131127.0 | ||
| 040 | _cNust | ||
| 082 | _a604.2,BHA | ||
| 100 | _aBhatt.N.D | ||
| 245 |
_aElementry Engineering Drawing _cN.D Bhatt _bplane and solid geometry |
||
| 250 | _a49th edition | ||
| 260 |
_aKarachi _b Asian Book Centre _c2006 |
||
| 300 | _b490:p | ||
| 505 | _aDrawing Instruments And Their Uses (Page-1),Types Of Lines Lettering And Dimensioning (Page-26), Geometrical Construction(Page-33),Scales (Page-78),Loci Of Points (Page-95),Curves Used In Engineering (Page-107),Orthographic Projection (Page-142),Projection Of Points (Page-148),Projection Of Straight Lines (Page-153),Projection Of Planes (Page-202),Projection On Auxiliary Planes (Page-214),Projection Of Solids (Page-229),Developments Of Surface (Page-273),Helices And Screw Threads (Page-296),Isometric Projection (Page-304) Sections Of Solids (Page-335),Intersection Of Surfaces(Page-379),Conversion Of Pictorial Views (Page-419),Perspective Projection (Page-435). | ||
| 650 |
_aEngineering Drawing _973872 |
||
| 942 |
_2ddc _cBK |
||
| 999 |
_c183087 _d183087 |
||